[Event "OP-2011-0-01414"]
[Site "LSS email"]
[Date "2011.02.20"]
[Round "?"]
[White "Lauer, Fredric"]
[Black "Tsiuliupa, Bohdan"]
[Result "1-0"]
[WhiteElo "918"]
[BlackElo "1400"]
[PlyCount "21"]
[EventDate "2011.02.17"]
[EventType "tourn (corr)"]
[EventRounds "4"]
[EventCountry "GER"]
[SourceTitle "Corr 2013"]
[Source "ChessBase"]
[SourceDate "2012.11.12"]
[SourceVersion "1"]
[SourceVersionDate "2012.11.12"]
[SourceQuality "1"]

1. e4 e6 2. b3 d5 3. Bb2 dxe4 4. Nc3 Nf6 5. Qe2 Be7 6. Nxe4 0-0 7. 0-0-0 a5 8. Nf3 a4 9. Kb1 axb3 10. axb3 Nc6 11. Qc4 1-0